<?xml version="1.0" encoding="UTF-8"?>
<marc:record xmlns:marc="http://www.loc.gov/MARC21/slim">
   <marc:leader>00000nam a2200000 a 4500</marc:leader>
   <marc:datafield ind1="1" ind2=" " tag="100">
      <marc:subfield code="a">Troyer, Franz</marc:subfield>
      <marc:subfield code="4">aut</marc:subfield>
      <marc:subfield code="e">Verfasser/-in</marc:subfield>
   </marc:datafield>
   <marc:datafield ind1="0" ind2="0" tag="245">
      <marc:subfield code="a">Beten verwandelt</marc:subfield>
   </marc:datafield>
   <marc:datafield ind1="0" ind2="0" tag="245">
      <marc:subfield code="b">kraftvolle Impulse und Gebete aus der Bibel</marc:subfield>
   </marc:datafield>
   <marc:datafield ind1="0" ind2="0" tag="245">
      <marc:subfield code="c">Troyer, Franz</marc:subfield>
   </marc:datafield>
   <marc:datafield ind1=" " ind2="1" tag="264">
      <marc:subfield code="a">Innsbruck ; Wien</marc:subfield>
      <marc:subfield code="b">Tyrolia-Verl.</marc:subfield>
      <marc:subfield code="c">2019</marc:subfield>
   </marc:datafield>
   <marc:datafield ind1="1" ind2=" " tag="520">
      <marc:subfield code="a">Quelle: bn.bibliotheksnachrichten (http://www.biblio.at/literatur/bn/index.html); &#xD;
Autor: Hanns Sauter; &#xD;
In unterschiedlichen Lebenssituationen den Glauben ausdrücken. (PR)&#xD;
Ausgehend von der Frage, wann, wie und an welchen Orten Jesus gebetet hat, wirft der Autor einen Blick auf das Gebetsleben Jesu. Er pflegte das Morgen- und Abendgebet, das Lob Gottes und den Dank an ihn, er betete vor großen Entscheidungen und in bedrohlichen Stunden und anderen Gelegenheiten. Auffallend ist dabei, dass er Gott als Vater anspricht, mit dem er in einem regelmäßigen und offenen Austausch lebt, diesen Austausch aber nicht als eine Exklusivbeziehung versteht, sondern die Menschen in diese Beziehung hineinnimmt.&#xD;
In einem ersten Abschnitt erschließt der Autor die im Evangelium überlieferten Gebete Jesu für uns mit Hilfe von Beispielen aus seiner Seelsorge-Tätigkeit, durch eigene Gedanken, durch Um- und/oder Neuformulierungen und Impulse für den Tag. In den weiteren Kapiteln geht er auf ähnliche Weise auf Gebetsrufe, die von Zeitgenossen Jesu an diesen gerichtet wurden, auf biblische Gebete in der heiligen Messe und auf viele Gebete, die wir - vielleicht mehr oder weniger bewusst im Lauf eines Tages - verrichten, ein. In einem eigenen Abschnitt erläutert er das nicht immer einfach zu verstehende "Gebet zum Heiligen Geist" als Hilfe, die uns Gott selbst zum Gebet anbietet.&#xD;
Das Buch enthält viel Grundsätzliches und Hilfreiches für ein Gebetsleben, das wirkliche Lebens- und Alltagshilfe ist. Es ist anregend zur Vertiefung des eigenen Gebetslebens, eignet sich aber auch als Gebet- und Begleitbuch für Gruppen, für Gottesdienste und viele andere Anlässe. An dieser Stelle breit empfohlen.</marc:subfield>
   </marc:datafield>
   <marc:datafield ind1=" " ind2=" " tag="020">
      <marc:subfield code="a">9783702237912</marc:subfield>
      <marc:subfield code="9">9783702237912</marc:subfield>
   </marc:datafield>
   <marc:datafield ind1=" " ind2=" " tag="020">
      <marc:subfield code="a">3702237917</marc:subfield>
      <marc:subfield code="9">3702237917</marc:subfield>
   </marc:datafield>
   <marc:datafield ind1=" " ind2=" " tag="041">
      <marc:subfield code="a">ger</marc:subfield>
   </marc:datafield>
   <marc:datafield ind1=" " ind2=" " tag="338">
      <marc:subfield code="a">Band</marc:subfield>
   </marc:datafield>
   <marc:datafield ind1=" " ind2=" " tag="300">
      <marc:subfield code="a">158 S.</marc:subfield>
   </marc:datafield>
</marc:record>
